Devinez le Pays Mystère #5 - Statistiques

Statistiques générales
  • Ce quiz a été pris 2 221 fois
  • Le résultat moyen est 11 sur 15
Statistiques - réponses
Type de Réponse Réponse % Correct
Lettre Trouvée E
99%
Lettre Trouvée N
96%
Lettre Trouvée A
94%
Lettre Trouvée I
94%
Lettre Bien Placée Ï
90%
Lettre Trouvée R
88%
Lettre Trouvée B
64%
Lettre Bien Placée E
60%
Lettre Bien Placée B
58%
Lettre Bien Placée A
58%
Lettre Trouvée H
58%
Pays Mystère Bahreïn
53%
Lettre Bien Placée H
53%
Lettre Bien Placée N
53%
Lettre Bien Placée R
53%
Aucun quiz correspondant
Distribution des résultats
% des personnes avec chaque résultat
Percentile par nombre de réponses
Votre historique - résultats
Vous n’avez pas pris ce quiz